00597nam a2200205Ia 4500008004100000020002200041050001600063050001400079100002900093245003800122245007100160260001800231260002000249260000900269300001600278300002000294300001100314500004900325650001700374191119s9999 xx 000 0 und d a978-971-98-1072-8 aFIL QA 37.2 b.B35 2018 aBaltazar, Ethel Cecille. 0aMathematics in the modern world / 0cEthel Cecille Baltazar, Carmelita Ragasa, and Justina Evangelista. aPhilippines : bC&E Publishing, c2018 a270 pages : billustrations ; c22 cm. aIncludes bibliographic references and index. aMathematics.